00893cam a2200265 4500001001400000005001700014008004100031020004600072040003400118041001300152044001100165072004800176080002500224100003000249240004500279245008000324250001900404264002700423300002300450336002600473337002900499338002900528655003100557700003900588vtls01202050120240710090633.0210331s2021 xo gr 010 f slo  a9788055171494q(viazané)z9788055173832 aTVZKbslodTVZKdSNKerdacsk1 asloheng axocSK 7a821.111(73)-3xAmerická próza2konspekt a821.111(73)-31220011 aStein, Garth,d1964-4aut14aThe Art of Racing in the RainlSlovensky10aUmenie pretekať v daždicGarth Stein ; preložila Mária Kočanová aPrvé vydanie 1aBratislavabIkarc2021 a302 stránc21 cm atextbtxt2rdacontent abez médiabn2rdamedia azväzokbnc2rdacarrier 7aamerické romány2SNKPH1 aKočanová, Mária,d1955-4trl